[Event "ARM-ch"]
[Site "Yerevan"]
[Date "1999.10.17"]
[Round "2"]
[White "Nadanian, Ashot S"]
[Black "Lputian, Smbat G"]
[Result "1-0"]
[WhiteElo "2410"]
[BlackElo "2625"]
[Annotator "Tsesarsky,I"]
[PlyCount "75"]
[EventDate "1999.10.16"]
[EventType "tourn"]
[EventRounds "11"]
[EventCountry "ARM"]
[EventCategory "10"]
[SourceTitle "CBM 074"]
[Source "ChessBase"]
[SourceDate "2000.02.01"]
[SourceVersion "1"]
[SourceVersionDate "2000.02.01"]
[SourceQuality "1"]

{[%mdl 64]} 1. d4 e6 2. c4 d5 3. Nc3 c6 4. e3 f5 5. g4 Nf6 6. gxf5 exf5 7. Nf3
(7. cxd5 $6 cxd5 (7... Nxd5 8. Nge2 (8. Bc4 Be6 9. Qf3 (9. Qb3 Bb4 10. Bd2 (10.
Nge2 $6 b5 11. Bd3 (11. Bxd5 Bxd5 12. Qxb4 a5 $1 $19 {0-1 Lalev,D-Semkov,S/BUL
ch Bankja 1992 (19)}) 11... Nf4 12. Qc2 Nxd3+ 13. Qxd3 Qd7 $15) 10... b5 11.
Be2 Qd7 12. Qc2 Bd6 $132) 9... Bb4 10. Bd2 Qa5 11. Nge2 Nxc3 12. Bxe6 Ne4 13.
Nc3 Nxc3 14. bxc3 Bxc3 15. Bxc3 Qxc3+ 16. Ke2 Qb2+ 17. Kd3 Na6 (17... Qa3+ 18.
Ke2 g6 $17) 18. Rhc1 (18. Qxf5 Rf8 19. Qh5+ Ke7 20. Bb3 Nb4+ $19) 18... Nb4+
19. Kc4 b5+ $19 {0-1 Lindsay,F-Kuczynski,R/St John CAN 1988 (25)}) (8. Nf3 Bb4
9. Bd2 Be6 10. Bg2 Bd6 $11 (10... Nd7 11. Nxd5 Bxd2+ 12. Nxd2 Bxd5 13. Bxd5
cxd5 14. Qf3 Nf6 15. Qxf5 $16 {1/2-1/2 Carstensen,J-Hellstrom,A/Copenhagen
Politiken 1996 (34)})) 8... Be6 9. Rg1 g6 10. Bg2 Na6 11. Bd2 Nac7 $11 {
0-1 Dorfman,I-Popchev,M/Capablanca Mem-A 1988 (32)}) 8. Nh3 Bd6 9. Qf3 Nc6 10.
Bb5 (10. Nf4 Nb4 11. Bb5+ Bd7 12. O-O Bxb5 13. Nxb5 Qd7 $11) 10... Be6 11. Rg1
O-O 12. Ng5 Qd7 13. Qg2 Rae8 14. Bd2 $132 {1-0 Portisch,L-Koberl,F/HUN-ch 1963
(43)}) (7. Bd2 Be6 8. Qb3 Qb6 9. c5 Qxb3 10. axb3 Be7 11. b4 O-O 12. Nh3 Ne4
13. Nf4 Bf7 14. h4 g6 15. Bd3 Nd7 16. b5 $14 {1/2-1/2 Jensen,J-Pedersen,B/
Aarhus 1991 (63)}) (7. Nh3 Nbd7 (7... Ne4 8. Qb3 dxc4 9. Bxc4 Nd6 10. Be2 Qb6
11. Qc2 Nd7 12. Bd2 Nf6 13. f3 $132 {1/2-1/2 Tolstikh,N-Moroz,A/Pardubice ,EXT
1995 (56)}) 8. Nf4 Nb6 9. c5 Nc4 10. Bxc4 dxc4 11. Qe2 b5 12. cxb6 axb6 13.
Qxc4 Qd7 14. Bd2 Bd6 $14 {1/2-1/2 Loeffler,S-Stangl,M/BL 1994 (73)}) (7. Bd3
Bb4 8. Nge2 O-O 9. Qb3 Qe7 10. Bd2 Be6 $132 (10... a5 11. cxd5 $16 {0-1
O'Donnell,R-Ochkoos,J/North Bay CAN 1999 (35)})) (7. Qb3 dxc4 (7... Be7 8. cxd5
Nxd5 9. Nxd5 Qxd5 10. Qxd5 cxd5 11. Bg2 Be6 12. Ne2 Kf7 13. Nf4 Rd8 14. Bd2 Nc6
15. Rc1 $14 {1/2-1/2 Sosnicki,M-Markowski,T/Polanica Zdroj POL 1999 (59)}) (
7... Qb6 8. Bg2 Be6 9. Qxb6 axb6 10. cxd5 Nxd5 11. Nxd5 Bxd5 12. Bxd5 cxd5 13.
Ne2 Nc6 14. Nc3 Nb4 15. Ke2 Kd7 16. Bd2 $14 {[%csl Rb6,Rb7] 1/2-1/2 Erdos,
V-Tishyn,D/Litohoto GRE 1999 (60)}) 8. Bxc4 Bd6 (8... Qe7 $6 9. Nh3 $1 b5 10.
Bd3 g6 (10... Be6 11. Qc2 g6 12. Nf4 Bf7 13. Bd2 $16) 11. Nf4 Bh6 12. Nce2 g5
13. Ng2 Be6 14. Qc2 Bd5 (14... Qd7 15. Ng3 $16) 15. O-O $14 {1-0 Portisch,
L-Haba,P/Erevan 1996/CBM 55/ (28)}) 9. Bf7+ Ke7 10. Bc4 (10. Nf3 b5 11. Ng5 $14
) 10... b5 11. Be2 Be6 $132) 7... Bd6 (7... Be6 8. Qb3 (8. Rg1 $6 dxc4 9. Ne5
Qc7 10. h3 (10. Qf3 Nbd7 11. Nxc4 Qxh2 12. Rh1 Qc7 13. Bd2 Nb6 $17 {0-1 Smagin,
S-Ruban,V/URS ch select Norilsk RUS 1987 (42)}) 10... b5 11. Bg2 b4 12. Ne2 Bd6
13. Nf4 Bf7 $15) 8... Qb6 9. c5 Qc7 (9... Qxb3 10. axb3 Nbd7 11. b4 $14 {
[%cal Gb4b5]}) 10. Ng5 (10. Bd2 Nbd7 $132) 10... Bg8 11. Qc2 Ne4 12. Ngxe4 fxe4
13. Bh3 Be7 14. O-O Bf7 15. f3 $132 {0-1 Loebler,H-Plank,F/Austria 1996/EXP 57
(57)}) 8. Qb3 dxc4 9. Bxc4 Qe7 10. Ng5 (10. Bd2 b5 (10... Ne4 11. Nxe4 fxe4 12.
Ne5 Bxe5 13. dxe5 Nd7 (13... Qxe5 14. Bc3 $16) 14. Bb4 c5 (14... Qxe5 15. Bf7+
Kd8 16. Bc3 Qg5 17. O-O-O Kc7 18. Rhg1 $18) 15. e6 Nb6 (15... Ne5 16. Bc3 Nf3+
17. Ke2 O-O 18. Bd5 Rb8 19. Rag1 $1 Nxg1+ 20. Rxg1 g6 21. Be5 b6 22. Bxb8 Ba6+
23. Ke1 Rxb8 24. Bxe4 $16) (15... cxb4 16. Bb5 a6 17. Bxd7+ Bxd7 18. exd7+ Qxd7
19. Rd1 (19. Qxb4 Qe7 20. Qxe7+ Kxe7 21. Rg1 Kf6 22. Rg4 Rhe8 23. Rd1 Re7 24.
Rf4+ Kg6 25. Rd6+ $14) 19... Qe7 20. Rg1 g6 21. Rg4 Rd8 22. Rxd8+ Kxd8 23. Qd5+
$16) 16. Bb5+ Kf8 17. Ba3 Bxe6 18. Qc2 Rc8 19. Qxe4 Bd5 20. Qxe7+ Kxe7 21. Rg1
g6 22. Rc1 $14) 11. Be2 (11. Bd3 $6 Be6 12. Qc2 b4 13. Na4 Bd5 14. Be2 Ne4 15.
Rg1 (15. Rf1 Nd7 16. O-O-O Nb6 17. Kb1 O-O $17 {0-1 Ovsejevitsch,S-Guliev,S/
Nikolaev zt 1995/CBM 47/[Huebner] (33)}) 15... Nd7 $11) 11... Be6 12. Qc2 b4
13. Na4 Ne4 (13... Bd5 14. Qxf5) 14. Rg1 Bd5 15. Bc4 Bxc4 16. Qxc4 Rf8 17. Rc1
f4 18. Rf1 g5 19. h3 h5 20. Qd3 g4 21. Ne5 (21. hxg4 fxe3 22. fxe3 hxg4 23. Ne5
Bxe5 24. dxe5 Qh4+ 25. Kd1 Nf2+ 26. Rxf2 Rxf2 27. Qg6+ Kd8 28. Be1 Qh1 29. Qxg4
$132) 21... Nxd2 22. Qg6+ Kd8 23. Kxd2 Bxe5 (23... gxh3 24. Nc4 Bc7 25. Nc5 $16
) 24. dxe5 Qxe5 25. hxg4 fxe3+ 26. fxe3 Qd5+ 27. Qd3 Rxf1 28. Rxf1 hxg4 29.
Qxd5+ cxd5 30. Rf8+ Kc7 31. Rg8 a5 32. Nc5 Kd6 33. Nd3 Kc7 34. Nf4 Kd6 35. Rxg4
Nd7 36. Rg6+ $14) 10... Rf8 11. Bd2 $2 $17 (11. h4 b5 12. Bd3 h6 13. Nf3 Be6
14. Qc2 b4 15. Nb1 Bd5 16. Nbd2 $132) 11... h6 $2 $132 (11... b5 $1 12. Be6 (
12. Bd3 b4 13. Na4 (13. Ne2 h6 14. Nf3 Be6 15. Bc4 Bxc4 16. Qxc4 Qe4 17. Neg1
Nd5 18. O-O-O g5 19. h3 Rf7 $17 (19... g4 $2 20. hxg4 fxg4 21. Rxh6)) 13... h6
14. Nf3 Be6 15. Qc2 Bd5 16. Be2 g5 17. Rg1 Ne4 $17) 12... Bd7 $1 (12... Bxe6
13. Qxe6 Qxe6 14. Nxe6 Rf7 $11) 13. Rc1 h6 (13... a5 14. Bxd7+ Nbxd7 15. a4 $14
) 14. Bxd7+ Nbxd7 15. Ne6 (15. Nf3 b4 16. Ne2 (16. Nb1 Qe4 17. Qd1 g5 $17) (16.
Na4 Qe4 17. Rg1 Rf7 (17... Qxf3 18. Qe6+ Be7 19. Rxg7 Nd5 20. Nc5 Nxc5 21.
Qxc6+ $18) 18. Ke2 Nd5 19. Qc4 Nf4+ 20. Kf1 Nh3 21. Qxc6 Nxg1 22. Nxg1 Qxc6 23.
Rxc6 Rf6 $17) 16... Qe4 17. Neg1 g5 (17... c5 $15) 18. Qa4 Rc8 19. h3 g4 20.
hxg4 fxg4 $17) 15... Rf7 16. Ne2 (16. a3 a5 17. h3 a4 18. Qa2 Nb6 $17) (16. a4
b4 17. Ne2 Nd5 18. N6f4 Bxf4 19. exf4 Rf6 $17) 16... Nd5 17. N6f4 Bxf4 18. exf4
Rf6 $17) 12. Ne6 b5 $6 $14 (12... Bxe6 13. Bxe6 Ne4 14. Nxe4 fxe4 15. Rc1 (15.
Bc8 Rf7 16. Be6 Rf6 17. Bc8 Rf7 18. Be6 $11) 15... Na6 16. Bc4 Rc8 17. Bxa6
bxa6 18. Rg1 $14) (12... Rh8 13. O-O-O (13. h4 g6 14. Rg1 Ng4 15. h5 gxh5 (
15... Qh4 16. Nd1 $14) 16. Rg2 $132) 13... Nbd7 14. Nf4 Nf8 15. h4 Ne4 16. Nxe4
fxe4 17. h5 Bf5 $132) {[%tqu "En","?","","","c3b5","",10]} 13. Nxb5 $1 cxb5 14.
Bxb5+ Nbd7 (14... Bd7 15. Rc1 {[%cal Gc1c8]} Qf7 16. Bc4 $18) 15. Rc1 $1 (15.
Nxf8 Kxf8 $44 (15... Qxf8 16. Qe6+ Qe7 17. Qxf5 $18)) 15... Rb8 16. Rg1 $6 (16.
Nxf8 $1 Kxf8 17. Qa4 $14) 16... g5 $1 (16... Rf7 17. Ba5 $1 {[%cal Ga5d8]} (17.
Nc7+ Kf8 18. Ne6+ Ke8 (18... Kg8 19. Nxg7 $18)) 17... Bb7 (17... a6 18. Ba4 $3
Rxb3 19. Rxc8+) (17... Bxh2 18. Bc7 Bxc7 (18... Bxg1 19. Bxb8 $18) 19. Nxc7+
Kf8 20. Ne6+ Ke8 (20... Kg8 21. Nxg7 Kh7 22. Nxf5 $18) {[%tqu "En","?","","",
"b5a4","",10]} 21. Ba4 $3 Qb4+ (21... Ra8 22. Nc7+ $18) (21... Qd6 22. Nxg7+ $1
Rxg7 23. Rxg7 Kd8 (23... Rxb3 24. Rxc8#) 24. Qc3 Qb4 25. Bb3 $18)) {[%tqu "En",
"?","","","c1c7","",10]} 18. Rc7 $1 {[%csl Rb7][%cal Gb5d7]} Bd5 19. Bxd7+ Nxd7
20. Qxd5 Bxc7 21. Nxc7+ Kf8 22. Ne6+ Ke8 23. Qc6 Rf6 24. d5 $16) 17. Nc7+ {
Actually draw proposal Tatsächlich den Vorschlag Remis} (17. Nxf8 Kxf8 18. Qd3
Ne4 (18... Bxh2 19. Rh1 Bd6 20. Rxh6 Kg7 21. Rh1 Bb7 22. Bc6 Bxc6 23. Rxc6 Qe6
(23... Rxb2 24. Qxf5 $18) 24. Rg1 g4 25. Bc3 $16) 19. h3 Ndf6 $132) 17... Bxc7
{Lputian decides to realize a "difference in a rating" Lputian entscheidet,
die "Differenz im Rating" zu verwirklichen} (17... Kd8 18. Ne6+ (18. Ba5 Nb6
19. Na6 Bxa6 20. Bxa6 $17) 18... Ke8 19. Nc7+ (19. Nxf8 Kxf8 $132) 19... Kd8
20. Ne6+ $11) 18. Rxc7 Qf7 $4 $18 {Desire to conquer at any cost it is
stronger than common sense... Den Wunsch, um jeden Preis zu besiegen ist
stärker den gesunden Menschenverstand...} (18... Qe4 $142 $1 19. Bb4 (19. Bd3
Rxb3 20. Bxe4 Rb8 21. Bxf5 Nd5 22. Bg6+ Ke7 23. Rxa7 Rxb2 24. Bc1 Rfxf2 25.
Bxb2 Rxb2 26. h4 $132) 19... Nd5 (19... Qb1+ 20. Kd2 Qxg1 21. Qe6+ Kd8 22. Be7+
Kxc7 23. Qc6#) 20. Bxf8 Nxc7 21. Qg8 Qb1+ 22. Kd2 Qxb2+ 23. Kd1 Qb1+ $11) 19.
Qc3 $1 (19. Bc4 $6 $16 Qe7 (19... Rxb3 20. Rxc8+ Ke7 21. Bxf7 Rxb2 (21... Rxe3+
22. fxe3 Rxc8 23. Bb3 $16) 22. Rxf8 Nxf8 23. Bb3 Rb1+ 24. Bd1 Ne6 25. a3 Nd5
26. h3 Kd6 27. Ke2 h5 28. Kd3 h4 29. Kc2 Rb8 30. Be2 $16) 20. Qxb8 $1 Nxb8 21.
Rxe7+ Kxe7 22. Bb4+ Ke8 23. Bxf8 Kxf8 24. h4 $16) 19... Kd8 (19... Rxb5 20.
Rxc8+ Ke7 21. Qa3+ $18) 20. Qa5 Rb6 (20... Rxb5 21. Rxd7+ Kxd7 22. Qxb5+ $18)
21. Rxa7 Qe6 22. Bb4 $1 Rf7 23. Ra8 (23. Bc5 $2 Nxc5 24. Rxf7 Nb7 25. Rf8+ Ke7
26. Qa3+ Nd6 27. d5 Qxd5 (27... Nxd5 28. Re8+ $18) 28. Rxc8 Qxb5 29. Qa7+ Ke6
30. Rc7 Nd5 $17) 23... Nd5 (23... Qe4 24. Kd2 $1 $18 {[%cal Gg1c1]} Qxa8 (24...
f4 25. Rc1 fxe3+ 26. fxe3 Qg2+ 27. Kd1 Qh1+ 28. Be1 Qf3+ 29. Be2 $18) 25. Qxa8
Rxb5 26. Qa4 (26. Ba5+ Nb6 27. Bxb6+ Rxb6 28. Qa5 Ne4+ 29. Ke2 Ba6+ 30. Kf3
Rff6 31. Rc1 Rfd6 32. Rc5 $1 $18) 26... Ne4+ 27. Ke2 Rf6 28. Rc1 Ba6 29. Ke1
$18) 24. Bc4 $1 N7f6 25. Rb8 $1 {Nadanian perfectly plays a final part of the
game Nadanian spielt den abschliessenden Teil des Spieles ausgezeichnet} Rc7
26. Rxb6 Qxb6 27. Bxd5 Qxa5 28. Bxa5 Nxd5 29. Kd2 Kd7 30. Bxc7 Nxc7 31. b4 Nd5
32. b5 Bb7 33. a4 Nb6 34. a5 Nc4+ 35. Kc3 Nd6 36. Kb4 Bf3 37. Rc1 g4 38. b6 1-0

[Event "RUS-Cup9"]
[Site "Novgorod"]
[Date "1997.??.??"]
[Round "7"]
[White "Dokutchaev, Aleksander"]
[Black "Tregubov, Pavel V"]
[Result "0-1"]
[WhiteElo "2440"]
[BlackElo "2525"]
[Annotator "Tsesarsky,I"]
[PlyCount "74"]
[EventDate "1997.06.11"]
[EventType "swiss"]
[EventRounds "9"]
[EventCountry "RUS"]
[SourceTitle "CBM 060"]
[Source "ChessBase"]
[SourceDate "1997.09.29"]
[SourceVersion "1"]
[SourceVersionDate "1997.09.29"]
[SourceQuality "1"]

1. d4 {Hecht} d5 2. c4 e6 3. Nf3 c6 4. e3 Bd6 5. Bd3 f5 6. O-O Nf6 7. b3 Qe7 8.
a4 a5 (8... O-O 9. Ba3 Bxa3 10. Nxa3 Ne4 11. Nc2 Nd7 12. Qe1 a5 13. Nd2 b6 14.
f3 Nxd2 15. Qxd2 $11 {1/2-1/2 Kortschnoj,V-Yusupov,A/Montpellier ct 1985 (52)})
9. Ba3 Bxa3 10. Nxa3 O-O 11. Qb1 (11. Nb1 Na6 12. cxd5 exd5 13. Bxa6 Rxa6 14.
Nbd2 Bd7 15. Ne5 Be8 16. f4 Bh5 17. Qc2 $132 {1-0 Ryan,J-Daly,C/ch-IRL, Dublin
1997}) (11. Nc2 Bd7 12. Qd2 Be8 13. Rfb1 Ne4 14. Qe1 Bh5 15. Ne5 Nd7 16. Nxd7
Qxd7 17. b4 dxc4 18. Bxc4 Nd6 19. Ba2 Rf6 20. bxa5 Rg6 21. Qb4 Qd8 22. Ne1 Rxa5
23. g3 $14 {1/2-1/2 Neverov,V-Moroz,A/Czestochowa op 1992 (66)}) (11. Ne5 Nbd7
12. Nc2 Kh8 13. f4 Nxe5 14. dxe5 Nd7 15. cxd5 exd5 16. Nd4 Nc5 17. Rc1 $14 {
1/2-1/2 Drogoon A-Koutsin Sergey/It (open), Minsk (Belarus) 1996 (52)}) 11...
Ne4 (11... Nbd7 12. cxd5 $14 {[%csl Rf5]}) 12. Nc2 (12. Qb2 $5 Nd7 13. Rac1
$140 $1 $14 (13. Nc2 {0-1 Maric,A-Polgar,Z/Tilburg (ct) 1994 (28)}) 13... b6 $2
14. cxd5 $16) 12... Na6 13. c5 e5 $6 (13... b6 $1 14. cxb6 (14. b4 $5 Nxb4 (
14... axb4 15. cxb6 c5 16. dxc5 Qxc5 17. a5 Bb7 18. Rc1 $14) 15. Nxb4 axb4 16.
cxb6 c5 17. a5 (17. dxc5 Qxc5 $15) 17... c4 18. Bxe4 fxe4 19. Ne5 $13) 14... c5
15. Qe1 Nb4 16. Nxb4 cxb4 17. Ne5 Nc3 18. f3 Ba6 19. Qd2 Qb7 $11 {1/2-1/2
Ulibin,M-Tregubov,P/Berliner Sommer 1996 (60)}) 14. Qb2 exd4 15. exd4 f4 16.
Rae1 Bf5 (16... Qf6 $5 17. Qc1 $1 $14 (17. Bxe4 dxe4 18. Rxe4 Nxc5 $1 $17)) 17.
Nd2 $2 (17. Ne5 Qf6 18. f3 Ng5 (18... Nd2 19. Rf2 $18) 19. Bxf5 Qxf5 20. Rf2
$14) 17... Qf6 18. Qc1 Qg6 $15 19. f3 $5 (19. Nf3 $5 Ng5 (19... Bh3 20. Nh4 Qh5
21. gxh3 Qxh4 22. Bxe4 dxe4 23. Rxe4 Qxh3 24. f3 $15) 20. Nh4 (20. Ne5 Nf3+ 21.
Nxf3 Bxd3 22. Ne5 Qf5 23. Nxd3 Qxd3 $15) 20... Nf3+ 21. Nxf3 Bxd3 22. Ne5 Qf5
23. Nxd3 Qxd3 $15) 19... Nxd2 (19... Ng3 20. Bxf5 $8 Nxf5 21. Nb1 (21. Re5 Nh4
22. Rf2 Rae8 23. Rxe8 Rxe8 24. Nf1 Qf7 25. Qd2 Qc7 26. Re2 Rxe2 27. Qxe2 Kf7
$11) 21... Qg5 (21... Ng3 $2 22. hxg3 fxg3 23. Re5 $18) 22. Qd2 Nc7 23. Re5
Rae8 24. Rfe1 Rxe5 25. Rxe5 Qg6 26. Nc3 Ne6 27. Re1 (27. Re2 Qf6 $17 {[%csl
Rd4]}) 27... Re8 $11 (27... Qf6 28. Ne2 Rb8 29. Kh1 b6 30. Nxf4 Nexd4 $132))
20. Bxf5 Nxf3+ $1 21. Rxf3 Rxf5 (21... Qxf5 22. Qd2 $44) 22. Re7 (22. Qd2 Rf7 (
22... Nc7 23. Re7 (23. Rxf4 Rxf4 24. Qxf4 Qxc2 25. Qxc7 Qxb3 $15) 23... Ne6 24.
Rxb7 Ng5 25. Rf1 f3 $40) 23. Ref1 Raf8 24. R1f2 $11) 22... Qf6 23. Rxb7 Nb4 24.
Kf1 (24. Nxb4 Qxd4+ $17) 24... Nxc2 25. Qxc2 Re8 26. Qd2 $2 (26. Qf2 $1 Re4 27.
Rb8+ (27. Rd3 Re3 $17) 27... Kf7 28. Rd3 (28. Rc8 Rxd4 29. Rxc6 Rd1+ 30. Ke2
Qd4 $11 (30... Qxc6 31. Kxd1 Qf6 $15)) 28... Re3 29. Rb7+ Kg6 30. Rd1 Qg5 $15)
26... Re4 27. Rb8+ (27. Rc7 Rxd4 (27... Qxd4 28. Qxd4 Rxd4 29. Rxc6 $132) 28.
Qxa5 Qe6 $1 29. Kf2 Rd1 30. Qc3 d4 (30... Re5 31. Rc8+ Qxc8 32. Qxe5 $11) 31.
Qc4 Rd2+ $1 (31... Rd5 32. Qe2 $1 $16) 32. Kg1 Rd5 33. Qf1 g5 $17) 27... Kf7
28. Rb7+ Kg6 $19 29. Rd7 (29. Rd3 f3 $19) 29... Rxd4 (29... Qxd4 $1 $19) 30.
Rd3 Rxd3 31. Qxd3 {[#] Hecht Unklare Position mit Bauernschwächen und
unsicheren Königspositionen. Fehlerhafter Angriff mit 34.h4+} Qa1+ 32. Kf2 Qe5
33. Rd6+ Kg5 34. h4+ (34. Rxc6 f3 $1 $19 35. g3 Qb2+) (34. Rxc6 $5 {Hecht})
34... Kxh4 35. Qh3+ Kg5 36. Qxh7 Qe3+ 37. Kf1 Qc1+ 0-1

[Event "RUS-Cup02"]
[Site "Moscow"]
[Date "1998.??.??"]
[Round "7"]
[White "Razuvaev, Yuri S"]
[Black "Guliev, Sarhan"]
[Result "1/2-1/2"]
[WhiteElo "2555"]
[BlackElo "2445"]
[Annotator "Tsesarsky,I"]
[PlyCount "86"]
[EventDate "1998.01.21"]
[EventType "swiss"]
[EventRounds "9"]
[EventCountry "RUS"]
[SourceTitle "CBM 063"]
[Source "ChessBase"]
[SourceDate "1998.03.26"]
[SourceVersion "1"]
[SourceVersionDate "1998.03.26"]
[SourceQuality "1"]

1. c4 c6 2. d4 d5 3. Nf3 e6 4. Qc2 f5 (4... Bd6 5. Bg5 Ne7 6. e3 Nd7 7. Nc3 h6
8. Bh4 dxc4 $6 9. Bxc4 O-O 10. O-O-O $16 {Magerramov,E-Zaitceva,L/Moscow
Alekhine op/1992/1:0/19/}) (4... Nf6 5. Bg5 $5 Nbd7 6. e3 Qa5+ 7. Nbd2 Ne4 8.
Bf4 Bb4 9. a3 g5 10. Bg3 h5 11. O-O-O Bxa3 12. bxa3 Qxa3+ 13. Qb2 Qxb2+ 14.
Kxb2 h4 15. Nxe4 dxe4 16. Bd6 $44 {Khalifman,A-Van der Werf,M/Wijk(B1,1);CBM45/
1995/1:0/68/}) (4... Nd7 5. Bf4 $5 Ngf6 6. e3 Bb4+ 7. Nbd2 Ne4 8. a3 Qa5 9. Bd3
g5 10. Bxe4 gxf4 11. cxd5 cxd5 12. Bd3 Bd6 13. O-O $14 {Kortchnoj,V-Vaisser,A
(01)/New York PCA(25')(1)/1994/0,5/53/}) 5. Bf4 Nf6 6. e3 Be7 (6... Bd6 7. Bd3
O-O 8. O-O $14) 7. h3 (7. Nbd2 O-O 8. Be2 (8. h3 Ne4 9. g4 a5 10. Rg1 a4 11.
gxf5 exf5 12. a3 (12. cxd5 cxd5 13. Bxb8 Rxb8 14. Qxa4 Bh4 15. Nxe4 fxe4 16.
Nxh4 Qxh4 17. Rg3 Qf6 18. Qc2 Bd7 $44) 12... Be6 13. Rc1 Nd7 14. Bd3 $14 (14.
cxd5 cxd5 15. Qc7 Rc8 16. Qxc8 Qxc8 17. Rxc8 Rxc8 $11 {0-1 Rashkovsky-Vaiser/
Tashkent Hodzhaev 1987 (36)})) 8... Ne4 9. O-O (9. Nxe4 fxe4 10. Nd2 Bg5 11.
Bg3 Nd7 12. O-O Nf6 13. b4 $14 {1/2-1/2 Kempinski,R-Vajda,L/World Juniors,
Zagan POL 1997 (39)}) 9... Nd7 10. Nxe4 dxe4 11. Ne5 Nxe5 12. Bxe5 Bd7 13. Qc3
$14 {1-0 Maiwald,J-Hartmans,E/Purmerend 1993 (33)}) (7. cxd5 Nxd5 8. Bc4 Qa5+
9. Nc3 O-O 10. O-O b5 11. Bxd5 (11. Bb3 $14) 11... cxd5 12. a3 $14 (12. Qb3 $6
b4 13. Na4 $2 (13. Ne2 Ba6 14. Rfe1 Nd7 15. Bg5 Bc4 16. Qc2 Bd6 17. Nf4 Rae8 (
17... h6 18. Nxe6 $16) 18. b3 Bb5 19. Bh4 $132) 13... Bd7 14. Nc5 Bxc5 15. dxc5
Ba4 16. Bc7 Qb5 17. Nd4 Bxb3 18. Nxb5 Bc4 $17 {0-1 Ornstein,A-Couso,L/
Salongernas IM-Turne 1996 (60)})) (7. Be2 O-O 8. O-O Ne4 (8... Nbd7 9. Nc3 Ne4
10. Rad1 Ndf6 $14 {1-0 Bjerke,R-Pfeiffer,G/Gausdal International 1992 (30)})) (
7. Bd3 O-O 8. O-O (8. Nc3 Ne4 9. g4 $5 Na6 10. a3 Qa5 11. Ke2 Nxc3+ 12. bxc3
dxc4 13. Bxc4 fxg4 14. Ne5 $44) 8... Nh5 (8... Ne4 9. Nbd2 Nd7 $14) 9. Be5 Nd7
10. Nbd2 Nxe5 11. dxe5 (11. Nxe5 Nf6 12. Rac1 Bd6 $14) 11... g6 12. Rfd1 $14 {
1-0 Romanishin,O-Guliev,S/Nikolaev 1995 (24)}) 7... O-O (7... Ne4 8. Bd3 Na6 9.
Qb3 O-O 10. c5 Qa5+ 11. Nc3 b6 12. Ne5 Nb8 13. Qa4 Qxa4 14. Nxa4 $132 {1-0
Biriukov,I-Jakuta,A/Stockerau jr 1991 (46)}) (7... Nbd7 8. Nc3 Ne4 9. Bd3 Qa5
10. O-O O-O 11. a3 Qd8 12. b4 $14 {1/2-1/2 De Boer,G-Böhm,H/Wijk aan Zee II
1985 (35)}) 8. Be2 (8. Nc3 Ne4 9. Bd3 b6 (9... Nd7 10. Ne5 Ndf6 11. Bxe4 (11.
O-O $14) (11. g4 $5) 11... fxe4 12. O-O-O c5 $6 (12... Nd7 $14) 13. dxc5 Bxc5
14. cxd5 exd5 15. Nxd5 Nxd5 16. Qxc5 Be6 17. Kb1 Rc8 18. Qa3 Qe8 19. Bg3 a5 20.
Rc1 $16 (20. Qd6 $6 {1/2-1/2 Csonkics,T-Cuevas Rodriguez,M/Manila olw 1992 (23)
})) 10. Ne5 Bb7 11. Ke2 Nd7 12. f3 Nxe5 13. Bxe5 Nd6 14. cxd5 cxd5 15. g4 $132
{1/2-1/2 Brueckner,T-Backwinkel,P/FRG-ch qual Brilon 1986 (20)}) 8... Ne4 9.
Nc3 Nd7 10. O-O (10. Bh2 $5 Qa5 11. O-O Nxc3 12. bxc3 Ba3 13. Rab1 b6 14. cxd5
exd5 15. c4 $14 {1/2-1/2 Lukacs,P-Lehtivaara,R/SSL,ch 1990 (30)}) 10... g5 (
10... Ndf6 11. Ne5 Bd7 12. Nxd7 $5 $14) 11. Bh2 Ndf6 12. Ne5 Bd7 13. f3 $14 (
13. Nxe4 dxe4 14. Nxd7 $14) (13. Nxd7 Qxd7 14. Nxe4 Nxe4 15. f3 Nd6 16. b3 $14)
13... Nxc3 14. bxc3 Be8 15. a4 (15. Rab1 Qc8 16. a4 b6 17. Rfc1 $14) 15... b6
16. g4 $6 $132 (16. cxd5 Nxd5 (16... cxd5 17. c4 Rc8 18. Rfc1 $14) 17. Qd2 Bd6
18. Bd3 $14) 16... fxg4 17. hxg4 c5 $1 (17... Bd6 18. a5 $14) 18. Bd3 (18. f4
$6 gxf4 (18... Ne4 19. Bd3 $16) 19. exf4 Rc8 $132) 18... Rc8 (18... h5 19. gxh5
Bxh5 20. Nc6 Qe8 21. Nxe7+ Qxe7 22. Qg2 Qg7 23. Bd6 $16) 19. Bg3 (19. f4 h6 (
19... h5 $2 20. fxg5 Ne4 (20... Nxg4 21. Nxg4 $18) 21. Rxf8+ Bxf8 22. Bxe4 dxe4
23. Bf4 $16) (19... gxf4 20. Bxf4 Kh8 $132) 20. f5 exf5 21. Bxf5 Rc7 22. a5
$132) 19... Bd6 20. Qh2 (20. a5 b5 (20... bxa5 21. Qh2 $132) 21. cxb5 c4 22.
Be2 Bxb5 $11) 20... Rc7 $1 (20... h5 21. gxh5 Bxh5 22. f4 $14) 21. Qd2 $2 $17 (
21. a5 $1 bxa5 (21... Rg7 22. axb6 axb6 23. Qh6 b5 24. cxb5 c4 25. Bc2 Bxb5 26.
Rfb1 Be8 27. Ra6 $18) (21... b5 22. cxb5 c4 23. b6 axb6 24. axb6 Rb7 25. Bc2
Qxb6 26. Qh6 Rg7 27. Rfb1 $18) 22. Qh6 Rg7 23. Rfb1 Qc7 24. cxd5 exd5 25. Ba6
Bc6 26. c4 $13) 21... cxd4 22. exd4 (22. cxd4 dxc4 23. Bc2 (23. Bxc4 $2 Rxc4
$19) 23... a6 $17) 22... dxc4 23. Bc2 (23. Bxc4 Rxc4 24. Qxg5+ Kh8 25. Nxc4
Bxg3 $17) 23... Nd5 (23... h6 $15) 24. Rae1 (24. Rfb1 a6 $17) 24... Qf6 25. Rf2
a6 26. Rh2 b5 (26... h6 27. Rh3 Kg7 28. Re4 (28. Re2 Nf4 29. Bxf4 Qxf4 $17)
28... Qd8 $17) 27. axb5 axb5 28. Be4 $6 (28. Rc1 b4 $17) 28... b4 29. Bxd5 (29.
Qc2 Nxc3 30. Bxh7+ Kg7 $19) 29... exd5 30. cxb4 Rb7 31. Rf1 $2 (31. Rb1 Qe7 32.
b5 Qf6 (32... Rxb5 $2 33. Rxb5 Bxb5 34. Rh5 $1 $132) 33. b6 $17) 31... Rxb4 $19
(31... Bxb4 $19) 32. Qa2 (32. f4 Rb3 33. Qg2 Bxe5 34. dxe5 Qb6+ 35. Bf2 Qe6 $19
) 32... Ra4 $2 (32... Rb3 $19) 33. Qb1 $17 Ra7 34. Ra2 (34. f4 Qe6 35. f5 Qf6
36. Qc2 h6 $19) 34... Qg7 (34... Rxa2 35. Qxa2 $17) 35. Rff2 Qc7 (35... h5 $17)
36. Rxa7 Qxa7 37. Nc6 Qc7 (37... Qa3 38. Bxd6 Qxd6 39. Ne5) 38. Bxd6 Qxd6 39.
Ne5 Rf4 (39... Bg6 40. Qc1 Rf4 41. Rb2 h6 42. Qd2 $17) 40. Rb2 $2 $19 (40. Qa1
Qb6 41. Qa8 Qe6 42. Qa7 $17) 40... Rxd4 41. Rb7 Bg6 (41... Rd1+ 42. Qxd1 Qxe5
43. Kf1 Bg6 44. Qe1 Qf6 45. Qg3 Bf7 $17) 42. Rb8+ Kg7 43. Rb7+ Kh6 $2 (43...
Kh6 44. Qf1 $8 Bh5 $8 45. Qb1 (45. Qh3 Rd1+ 46. Kf2 Rd2+ 47. Kf1 Rd1+ 48. Kf2
$11 (48. Ke2 Qxe5+ 49. Kxd1 Qd4+ $11)) 45... Bg6 46. Qf1 $11) (43... Kf6 $1 44.
Qe1 Rd1 45. Nd7+ (45. Qxd1 Qxe5 $19) 45... Qxd7 46. Rb6+ Kg7 47. Qxd1 d4 $19) (
43... Kf8 44. Qe1 Be8 45. Rxh7 Kg8 46. Rb7 Rf4 47. Qb1 Bf7 48. Nxf7 Rxf7 49.
Rxf7 Kxf7 50. Qf5+ $11) 1/2-1/2